| 000 | 00419nam a22001577a 4500 | ||
|---|---|---|---|
| 003 | OSt | ||
| 008 | 220615b ||||| |||| 00| 0 eng d | ||
| 020 | _a9789391029548 | ||
| 082 | _a519.4 KUN | ||
| 100 | _aSHARMA,Mohit Kumar | ||
| 245 | _aNumerical Methods and Data Analysis in Science & Engineering with C & C++ | ||
| 260 |
_aNew Delhi _bWiley _c2021 |
||
| 300 | _a404 | ||
| 700 | _aCHANDRA,Suresh | ||
| 942 |
_2ddc _cBK |
||
| 999 |
_c11379 _d11379 |
||